| 000 | 00494nam a2200109Ia 4500 | ||
|---|---|---|---|
| 008 | 171212s9999 xx 000 0 und d | ||
| 100 | _aCrane, Keith;Shatz, Howard J.;Nataraj, Shanthi;Popper, Steven W.;Wang, Xiao | ||
| 245 |
_cCrane, Keith;Shatz, Howard J.;Nataraj, Shanthi;Popper, Steven W.;Wang, Xiao _aAn Outline of Strategies for Building an Innovation System for Knowledge City |
||
| 260 |
_bRAND Corporation _c2012 |
||
| 650 | _aBusiness | ||
| 856 | _uwww.jstor.org/stable/10.7249/j.ctt3fh0cd | ||
| 999 |
_c351732 _d351732 |
||